Welcome to CU Library Online Public Access Catalogue (OPAC)

Theological wordbook of the Old Testament / (Record no. 7153)

MARC details
000 -LEADER
fixed length control field 00721cam a2200205 i 4500
001 - CONTROL NUMBER
control field 2772672
005 - DATE AND TIME OF LATEST TRANSACTION
control field 20250724172512.0
008 - FIXED-LENGTH DATA ELEMENTS--GENERAL INFORMATION
fixed length control field 801212s1980 ilu db 001 0 eng
020 ## - INTERNATIONAL STANDARD BOOK NUMBER
International Standard Book Number 0802486312 (set) :
Terms of availability $34.95
020 ## - INTERNATIONAL STANDARD BOOK NUMBER
International Standard Book Number 9780802486318
050 00 - LIBRARY OF CONGRESS CALL NUMBER
Classification number BS440
Item number .T49
082 00 - DEWEY DECIMAL CLASSIFICATION NUMBER
Classification number 221.4/4/0321
Edition information 19
245 00 - TITLE STATEMENT
Title Theological wordbook of the Old Testament /
Statement of responsibility, etc. R. Laird Harris, editor, Gleason L. Archer, Jr., associate editor, Bruce K. Waltke, associate editor.
260 ## - PUBLICATION, DISTRIBUTION, ETC.
Place of publication, distribution, etc. Chicago :
Name of publisher, distributor, etc. Moody Press,
Date of publication, distribution, etc. c1980.
300 ## - PHYSICAL DESCRIPTION
Extent 2 v. ;
Dimensions 26 cm.
700 1# - ADDED ENTRY--PERSONAL NAME
Personal name Harris, R. Laird
Fuller form of name (Robert Laird),
Dates associated with a name 1911-2008.
700 1# - ADDED ENTRY--PERSONAL NAME
Personal name Archer, Gleason L.
Fuller form of name (Gleason Leonard),
Dates associated with a name 1916-2004.
700 1# - ADDED ENTRY--PERSONAL NAME
Personal name Waltke, Bruce K.
942 ## - ADDED ENTRY ELEMENTS (KOHA)
Source of classification or shelving scheme Library of Congress Classification
Koha item type Reference
Suppress in OPAC No
999 ## -
-- 7153
-- 7153
Holdings
Withdrawn status Lost status Source of classification or shelving scheme Damaged status Not for loan Collection Home library Current library Shelving location Date acquired Total checkouts Full call number Barcode Date last seen Copy number Price effective from Koha item type
    Library of Congress Classification     Reference Undergraduate Library (Christ Temple) Undergraduate Library (Christ Temple) General stacks 07/24/2025   BS 440 THE ulct00004139 07/24/2025 1 07/24/2025 Reference
© 2023-2024 Copyright: Central University Libraries. All Rights Reserved | Created by: Mahone Tech Office